AK’s General Knowledge A-Z #34 - Statistics

General Stats
  • This quiz has been taken 555 times
    180 since last reset
  • The average score is 17 of 26
Answer Stats
Hint Answer % Correct
A – Lance who cheated, or Neil who did not, despite persistent conspiracy theories Armstrong
93%
B – the _____ Boys, band with hit “Surfin’ U.S.A.” Beach
93%
P – cake at breakfast, or Peter in Neverland Pan
92%
G – what the show must do Go on
91%
L – to conduct or direct with authority, or element with symbol Pb Lead
91%
H – Mark Twain’s The Adventures of __________ Finn Huckleberry
88%
F – dance move from Fortnite Battle Royale, or what your dentist urges you to do Floss
86%
D – male bee, or something remotely controlled Drone
83%
V – the world’s largest automaker by sales from 2016 to 2019 Volkswagen
83%
J – 3D computer-animated fantasy film Gnomeo & _____ Juliet
79%
I – to spark off, or an Alan Walker hit Ignite
77%
R – whom everybody loves in the title of American sitcom starring Ray Romano Raymond
71%
W – graphical operating system first introduced in 1985, or things that allow you to look through walls Windows
68%
X – first name used by Spanish football (soccer) manager and former midfielder Alonso Xabi
64%
M – country in Asia whose name includes the verb that means to swim under water Maldives
61%
Q – first emperor of China, ___ Shi Huang Qin
61%
U – someone with initials U.S. who is a common national personification of the U.S. government Uncle Sam
59%
T – capital city where Sofia Coppola’s movie Lost in Translation took place Tokyo
57%
Y – the best-known Irish poet (“The Second Coming”) W. B. Yeats
53%
K – Mozart’s Serenade No. 13, “Eine _____ Nachtmusik” Kleine
49%
Z – the longest east-flowing river in Africa Zambezi River
49%
O – bone in Italian; is −−− ··· ··· −−− in Morse code Osso
48%
S – the smallest country in the Western Hemisphere (both by population and area) Saint Kitts and Nevis
45%
N – where NHL team Predators comes from Nashville
42%
E – Yorkshire-based TV soap opera since 1972 Emmerdale
34%
C – southernmost tip on the small Hornos Island, important for seafaring Cape Horn
31%
No matching quizzes found
Score Distribution
Percent of People with Each Score
Percentile by Number Answered
Your Score History
You have not taken this quiz since the last reset